| 000 | 00456nam a2200169Ia 4500 | ||
|---|---|---|---|
| 008 | 230711s9999||||xx |||||||||||||| ||und|| | ||
| 020 | _a1-56898-010-8 | ||
| 041 | _aENG | ||
| 082 |
_a720.1 _bKR-H |
||
| 100 | _aKruft, Hanno-Walter | ||
| 245 | 2 | _aA History of Architectural Theory from Vitruvius th the Present | |
| 250 | _a1st Ed. | ||
| 260 |
_c1994 _aNew York _bPrinceton Architectural Press |
||
| 300 | _a706p. | ||
| 650 | _aArchitecture | ||
| 942 | _cBK | ||
| 999 |
_c6489 _d6489 |
||